00641cam a22002171 4500001000800000005001700008008004100025010001700066035001800083040002800101041000800129080001400137082001400151100000700165101000800172245005600180906004500236942001200281999001700293952011300310831854220180312080356.0740830s1941 xx 000 0 eng  a 41011097  a(OCoLC)994351 aDLCcTxU-DadOCoLCdDLC aeng a517.1 GRA a517.1 GRA1 a37 aMAT10aElements of the differential and integral calculus. a7bcbccoclcrplduencipf19gy-gencatlg 2ddccBK c44729d44729 00102udc40708PËKGa002b002cPËKGd2018-03-12l0o517.1 GRAp002-3001559r2018-03-12w2018-03-12yBK